Finančné aktíva obyvateľov EÚ diplomová práca

Guardado en:
Detalles Bibliográficos
Autor principal: Figeľ, Jakub
Autor Corporativo: Podnikovohospodárska fakulta EU so sídlom v Košiciach. Katedra kvantitatívnych metód
Otros Autores: Čonková, Monika, 1976-
Formato: Libro
Lenguaje:eslovaco
Publicado: Košice 2017
Etiquetas: Agregar Etiqueta
Sin Etiquetas, Sea el primero en etiquetar este registro!

MARC

LEADER 00000nbm a2200000 4500
001 0231484
005 20171121101738.5
041 0 |a slo 
044 |a SK 
245 1 0 |a Finančné aktíva obyvateľov EÚ  |b diplomová práca  |c Jakub Figeľ ; školiteľ: Monika Čonková 
264 1 |a Košice  |c 2017 
300 |a 80 s. 
100 1 |a Figeľ, Jakub 
700 1 |a Čonková, Monika, 1976- 
710 2 |a Podnikovohospodárska fakulta EU so sídlom v Košiciach. Katedra kvantitatívnych metód